| 000 | 00619nam a2200169 a 4500 | ||
|---|---|---|---|
| 008 | 120416s1982 ||||||||||||||||| || u | ||
| 020 | _a0471861383 | ||
| 050 | _aTA 658.44 Arn | ||
| 100 | _aArnold, Christopher | ||
| 245 | 1 | 0 | _aBuilding configuration and seismic design |
| 260 |
_aNew York: _bJohn Wiley and Sons _c1982 |
||
| 300 | _axii, 296 : ill. | ||
| 350 | _a0.00 | ||
| 650 | _aBUILDINGS--EARTHQUAKE EFFECTS | ||
| 650 | _aEARTHQUAKE RESISTANT DESIGN | ||
| 995 |
_D0.00 _FCBU-MAIN LIBRARY (Kitwe) _H1 _I31.05 _M1 _UAVAILABLE _ZAnnex Low-Usage Collection |
||
| 999 |
_c36240 _d36240 |
||